00426nam a2200133Ia 4500008004100000041000800041100001600049245004000065260002900105650001500134906001200149999001700161952011400178221007s9999 xx 000 0 und d aeng aAIMS996638 aInternational Journal Of Management c2007bAIMS International aManagement bGeneral c61061d61061 00104070aHIMRbHIMRd2008-02-15eSatya Gilanil0pHIMR-AV-855r2022-10-07 00:00:00w2008-02-15yVCzAV0855